Andalucia : the rough guide
| Main Author: | Garvey, Geoff |
|---|---|
| Published: |
London:
Rough Guides,
1997.
|
| Subjects: |
| LEADER | 00516cam a2200169 7i4500 | ||
|---|---|---|---|
| 001 | 0000047365 | ||
| 005 | 20200123090000.0 | ||
| 020 | |a 1858282195 | ||
| 020 | |a 9781858282190 (pbk.) | ||
| 090 | 0 | 0 | |a DP302.A45 |b G74 1997 |
| 100 | 1 | |a Garvey, Geoff | |
| 245 | 1 | 0 | |a Andalucia : |b the rough guide |c Geoff Garvey, Mark Ellingham. |
| 260 | |a London: |b Rough Guides, |c 1997. | ||
| 300 | |a 506 p. | ||
| 500 | |a Gift: Zainol Ahmad Resource Center | ||
| 650 | 0 | 0 | |a Andalusia (Spain) |
| 999 | |a 0000060006 |b BOK |c REFERENCE |e 1st Floor, Bestari Jaya | ||


